Daňový bonus v praxi v roku 2018
Inštitút daňového bonusu bol zavedený s účinnosťou od 1. januára 2004 v § 33 zákona č. 595/2003 Z. z. o dani z príjmov v z. n. p. , pričom nahradil dovtedy uplatňovanú nezdaniteľnú časť základu dane na vyživované dieťa. Kým nezdaniteľná časť základu dane na vyživované dieťa znižovala daňovníkovi jeh...
Gespeichert in:
| 1. Verfasser: | |
|---|---|
| Format: | Buchkapitel |
| Sprache: | Slowakisch |
| Schlagworte: | |
| Tags: |
Keine Tags, Fügen Sie das erste Tag hinzu!
|
MARC
| LEADER | 00000naa a2200000 4500 | ||
|---|---|---|---|
| 001 | 0249068 | ||
| 005 | 20240502074001.1 | ||
| 041 | 0 | |a slo | |
| 044 | |a SK | ||
| 245 | 1 | 0 | |a Daňový bonus v praxi v roku 2018 |c Marcela Rabatinová |
| 520 | |a Inštitút daňového bonusu bol zavedený s účinnosťou od 1. januára 2004 v § 33 zákona č. 595/2003 Z. z. o dani z príjmov v z. n. p. , pričom nahradil dovtedy uplatňovanú nezdaniteľnú časť základu dane na vyživované dieťa. Kým nezdaniteľná časť základu dane na vyživované dieťa znižovala daňovníkovi jeho základ dane, daňový bonus na vyživované dieťa znižuje vypočítanú daň. Uplatniť si ho môžu iba daňovníci s tzv. aktívnymi príjmami podľa § 5 alebo § 6 ods. 1 a 2 ZDP, ak splnia zákonom stanovené podmienky. Od 1. januára 2018 sa podľa § 33a ZDP zavádza nová forma daňového zvýhodnenia, a to daňový bonus na zaplatené úroky pri úveroch na bývanie. | ||
| 610 | 2 | 0 | |a úľavy daňové |
| 610 | 2 | 0 | |a základ dane |
| 610 | 2 | 0 | |a bývanie |
| 610 | 2 | 0 | |a úver |
| 610 | 2 | 0 | |a úrok |
| 610 | 2 | 0 | |a zákony |
| 610 | 2 | 0 | |a Slovensko |
| 100 | 1 | |a Rabatinová, Marcela, 1977- | |